Chemical element by mythological namesake - Statistics

General Stats
  • This quiz has been taken 53 times
  • The average score is 13 of 29
Answer Stats
Hint Namesake % Correct
Roman god of the oceans Neptune
85%
Greek sun god Helium
80%
Greek sun god Helios
78%
Roman god of the dead Pluto
78%
Roman god of the dead Plutonium
78%
Norse thunder god Thor
78%
Roman god of the oceans Neptunium
76%
Roman messenger to the gods Mercury
71%
Norse thunder god Thorium
66%
In Greek mythology, he gave mankind fire Prometheus
63%
In Greek mythology, he gave mankind fire Promethium
59%
Class of being the above answer belongs to Titan
54%
Class of being the above answer belongs to Titanium
51%
Greek goddess of the rainbow Iridium
46%
Greek goddess of the rainbow Iris
44%
Greek moon goddess Selenium
44%
Greek moon goddess Selene
37%
Condemned to having food and drink just out of reach Tantalum
29%
Condemned to having food and drink just out of reach Tantalus
29%
Roman goddess of fertility Ceres
27%
Roman goddess of fertility Cerium
24%
Alternate name of Freyja Vanadium
22%
Daughter of the above answer Niobium
17%
Alternate name of AThena Palladium
17%
Alternate name of Athena Pallas
17%
First king of Thebes Cadmium
10%
First king of Thebes Cadmus
7%
Daughter of the above answer Niobe
7%
Alternate name of Freyja Vanadis
5%
No matching quizzes found
Score Distribution
Percent of People with Each Score
Percentile by Number Answered
Your Score History
You have not taken this quiz